Culture Générale - Clic Quiz - La réponse est en emoji par IA #21 - Statistiques

Statistiques générales
  • Ce quiz a été pris 248 fois
  • Le résultat moyen est 22 sur 40
Statistiques - réponses
Hint Réponse % Correct
Blanche Neige
92%
Catwoman
92%
Cendrillon
92%
Cléopâtre
91%
Barbie
90%
Mary Poppins
87%
Harley Quinn
86%
Edith Piaf
86%
Louane
79%
Pénélope Cruz
76%
Brigitte Bardot
75%
Mireille Mathieu
72%
Segolène Royal
72%
France Gall
70%
Hatsune Miku (Chanteuse Virtuelle)
68%
Sakura Haruno (Naruto)
66%
Madonna
65%
Christine Lagarde
59%
Bree Van De Kamp
57%
Megan Fox
57%
Alizée
54%
Nami (One Piece)
53%
Sansa Stark (Sophie Turner)
51%
Sofia Vergara
42%
Stephanie de Monaco
42%
Amanda Seyfried
41%
Zoe Saldana
41%
Dilma Roussef
35%
Ingrid Chauvin
34%
A'ja Wilson
32%
Hilary Swank
32%
Hilary Duff
32%
Nina Dobrev
31%
Alanis Morissette
29%
Mikaela Shiffrin
27%
Joan Jett
27%
Samantha Fox
25%
Robin Tunney
23%
Lisa Ann
22%
Ronda Rousey
21%
Aucun quiz correspondant
Distribution des résultats
% des personnes avec chaque résultat
Percentile par nombre de réponses
Votre historique - résultats
Vous n’avez pas pris ce quiz